Normal view
MARC view
Entry Topical Term
001 - CONTROL NUMBER
- control field: 31609
003 - CONTROL NUMBER IDENTIFIER
- control field: OSt
005 - DATE AND TIME OF LATEST TRANSACTION
- control field: 20260629145732.0
008 - FIXED-LENGTH DATA ELEMENTS
- fixed length control field: 260629|| aca||aabn | a|a d
040 ## - CATALOGING SOURCE
- Original cataloging agency: OSt
- Transcribing agency: OSt
150 ## - HEADING--TOPICAL TERM
- Topical term or geographic name entry element: English Language - Rhetoric - Handbooks, Manuals
670 ## - SOURCE DATA FOUND
- Source citation: Work cat.: (OSt)25413: Sebranek, Patrick 30087, Writer's INC : A Student Handbook for Writing & Learning, 1996
